000
00159nam a2200085 4500
001
1232643
005
20250923095419.0
245
_a
GÖÇ
_c
.
260
_b
TÜBİTAK
999
_c
1232643
_d
1232643